The prologues and epilogues of the Restoration (1660-1700) : a tentative check-list /

Saved in:
Bibliographic Details
Main Author: Danchin, Pierre
Format: Book
Language:English
Published: Nancy : Université de Nancy II, 1978.
Subjects:
LEADER 01280nam a2200325 i 4500
001 c000332413
003 CARM
005 00000000000000.0
008 781031s1978 fr a b 00110 eng
015 |a F*** 
019 1 |a 1298837  |5 LACONCORD2021 
020 |c 20.00F 
035 |a (OCoLC)4464818  |5 LACONCORD2021 
043 |a e-uk---  |a e-uk-en 
050 0 0 |a Z2014.D7  |b D27  |a PR698.P68 
100 1 |a Danchin, Pierre. 
245 1 4 |a The prologues and epilogues of the Restoration (1660-1700) :  |b a tentative check-list /  |c by Pierre Danchin. 
260 |a Nancy :  |b Université de Nancy II,  |c 1978. 
300 |a x, 216 p. :  |b ill. ;  |c 21 cm. 
500 |a Cover title. 
500 |a On t.p.: Centre de recherche sur le théâtre anglais des 17e et 18e siècles. 
500 |a Includes indexes. 
504 |a Bibliography: p. viii-x. 
650 0 |a English drama  |y Restoration, 1660-1700  |x Bibliography. 
650 0 |a Prologues and epilogues  |x Bibliography. 
650 0 |a Theater  |z England  |x History  |x Sources  |x Bibliography. 
852 8 |b CARM  |h A1:AM37F0  |i C10306  |p 0442684  |f BK 
082 0 4 |a 016.822/4 
999 f f |i 94167186-bf72-5d00-aadc-68d3331819db  |s dfdbfb9e-317e-57c9-90b6-540e7af65a12 
952 f f |p Can circulate  |a CAVAL  |b CAVAL  |c CAVAL  |d CARM 1 Store  |e C10306  |f A1:AM37F0  |h Other scheme  |i book  |m 0442684